BEDSIDE CLINICS &VIVA-VOCE IN OBSTETRICS (Record no. 1396)

MARC details
000 -LEADER
fixed length control field 00336nam a2200133Ia 4500
008 - FIXED-LENGTH DATA ELEMENTS--GENERAL INFORMATION
fixed length control field 150201s2012 xx 000 0 und d
082 ## - DEWEY DECIMAL CLASSIFICATION NUMBER
Classification number 618.2
Item number B12K
100 ## - MAIN ENTRY--PERSONAL NAME
Personal name KONAR, HIRALAL
245 ## - TITLE STATEMENT
Title BEDSIDE CLINICS &VIVA-VOCE IN OBSTETRICS
260 ## - PUBLICATION, DISTRIBUTION, ETC. (IMPRINT)
Name of publisher, distributor, etc. NCBA
Place of publication, distribution, etc. CALCUTTA
Date of publication, distribution, etc. 2012
300 ## - PHYSICAL DESCRIPTION
Extent 1-552
650 ## - SUBJECT ADDED ENTRY--TOPICAL TERM
Topical term or geographic name as entry element OBSTETRICS
942 ## - ADDED ENTRY ELEMENTS (KOHA)
Source of classification or shelving scheme Dewey Decimal Classification
Koha item type Books
Koha issues (borrowed), all copies 15
Holdings
Withdrawn status Lost status Source of classification or shelving scheme Damaged status Not for loan Collection code Home library Current library Shelving location Date acquired Source of acquisition Cost, normal purchase price SGTU Bill Number Total Checkouts Total Renewals Full call number Barcode Date last seen Date last checked out Bill Date Koha item type
    Dewey Decimal Classification     MEDICAL SGT Medical Library SGT Medical Library Text Book 13/11/2012 ABC DDELHI 485.00 SGTU 2832 24 2 618.2 B12K FM5064 13/04/2026 30/03/2026 23/11/2012 Books
    Dewey Decimal Classification     MEDICAL SGT Medical Library SGT Medical Library Text Book 13/11/2012 ABC DDELHI 485.00 SGTU 2832     618.2 B12K FM5065 09/02/2015   23/11/2012 Books